00263nam a22000977a 4500082001800000100002400018245005500042260003900097300002000136563000900156 a891.4394bISL aIslahi, Abu Sufyan  aSir Syed ka tasawar-e-saqafat /cAbu Sufyan Islahi aKarachi :bAcademy Bazyaft,c2017. a256p. ;c22 cm. aHBK.